<The> Banker
Enregistré dans:
| Format: | Publication en série |
|---|---|
| Langue: | anglais |
| Publié: |
London
Financial Times Business Publ.
1992
|
| Sujets: | |
| Tags: |
Pas de tags, Soyez le premier à ajouter un tag!
|
MARC
| LEADER | 00000nas2a2200000 4500 | ||
|---|---|---|---|
| 001 | s016202 | ||
| 005 | 20240109094229.2 | ||
| 022 | |a 0005-5395 | ||
| 041 | 0 | |a eng | |
| 044 | |a GB | ||
| 245 | 1 | 0 | |a <The> Banker |
| 264 | 1 | |a London |b Financial Times Business Publ. |c 1992 | |
| 300 | |a 2 zv. | ||
| 773 | 0 | |w eu_un_cat*s120423 | |
| 610 | 2 | 0 | |a banky |
| 610 | 2 | 0 | |a bankovníctvo |